000 01688cam a22003734a 4500
001 13483295
005 20160811105541.0
008 040206s2004 ctuab b 001 0 eng
010 _a 2004044869
020 _a0313321833 (set : alk. paper)
020 _a0313321841 (v. 1 : alk. paper)
020 _a031332185X (v. 2 : alk. paper)
020 _a0313321868 (v. 3 : alk. paper)
020 _a0313321876 (v. 4 : alk. paper)
020 _a0313321884 (v. 5 : alk. paper)
040 _aDLC
_cDLC
_dDLC
042 _apcc
050 0 0 _aGE105
_b.M66 2004
082 0 0 _a333.72
_222
100 1 _aMongillo, John F.
245 1 0 _aTeen guides to environmental science /
_cJohn Mongillo, with assistance from Peter Mongillo.
260 _aWestport, Conn. :
_bGreenwood Press,
_c2004.
300 _a5 v. :
_bill., maps ;
_c27 cm.
504 _aIncludes bibliographical references and index.
505 0 _av. 1. Earth systems and ecology -- v. 2. Resources and energy -- v. 3. People and their environments -- v. 4. Human impact on the environment -- v. 5. Creating a sustainable society.
650 0 _aEnvironmental sciences.
650 0 _aHuman ecology.
650 0 _aNature
_xEffect of human beings on.
700 1 _aMongillo, Peter A.
856 4 2 _3Book review (E-STREAMS)
_uhttp://www.e-streams.com/es0806_7/es0867_4177.html
906 _a7
_bcbc
_corignew
_d1
_eocip
_f20
_gy-gencatlg
942 _2lcc
_cBOOKS
_hGE 105 .M66 2004
999 _c13477
_d13477